Statistiques concernant Coupe du monde de rugby 2007

Cliquez ici pour prendre le quiz!

Statistiques générales

  • Ce quiz a été pris 138 fois
  • Le résultat moyen est 19 sur 20

Statistiques - réponses

Réponse% Correct
Afrique du Sud
100%
Australie
100%
Irlande
100%
Nouvelle-Zélande
100%
Ecosse
99%
France
99%
Pays de Galles
99%
Argentine
98%
Etats-Unis
98%
Fidji
98%
Italie
98%
Angleterre
97%
Namibie
97%
Samoa
97%
Tonga
97%
Canada
96%
Géorgie
92%
Japon
91%
Roumanie
91%
Portugal
75%

Distribution des résultats

Percentile par nombre de réponses

% des personnes avec chaque résultat

Votre développement - résultats

Vous n’avez pas pris ce quiz